01621nam a2200373 a 4500001001000000003000500010005001700015008004100032010001100073011001100084040000900095090001000104100003600114245019700150260004100347500006000388502011100448590003700559590004000596590004000636650003000676650003400706650002800740650003900768700003600807856001600843856007000859901000700929942001000936942000600946999001900952952014000971952013601111000113061CHAP20220329144336.0170403s2016 mx sm |||||||spa d a109522 a110494 cCHAP aTesis1 aBriano Ramos, Eustaquio913186510aFosfito de potasio en el control de plagas y enfermedades en lechuga (Lactuca sativa L.) en la Región de Texcoco, Méxicoh[En línea]cpor Eustaquio Briano Ramos y Ponce Méndez Dolores. aChapingo, Méx. :bEl autor,c2016. aPara ver el contenido del material haga clic en la liga aTesis (Ing. Agr. Esp. en Suelos) -- UACH. Departamento de Enseñanza Investigación y Servicio en Suelos aBATCHb00c20181121lUCH01h0759 aE5765TAJb05c20170403lUCH01h0907 aE5765TAJb05c20170403lUCH01h090714aControl de plagas.92759514aLechugaxEnfermedades.96545814aLechugaxPlagas.96547014aPotasioxEfecto en lechuga.9911001 aPonce Méndez, Dolores9131866 a1 n0001030 aFinding aiduhttp://10.13.5.2/tesis/sist113061.pdfzTeclea aquí aBK cTESIS n0 c109522d109522 00102local4053708TESISaBCbBCcPA_TESISd2017-04-03fTESISl0oTesisp33724002525454r2019-12-31 00:00:00tc.2w2019-12-31yTESIS 00104054718TESISaBCbBCd2017-04-03fTESISl0oTesisp33724002525496r2019-12-31 00:00:00w2019-12-31yTESISzRecien adquirido